00527 2200169 4500245003800000020002200038250001100060100002100071650002000092005001900112260003700131041001400168084001100182300003800193500011700231336000900348 aInestablecEko Ivano WinatahText a978-602-6716-25-5 aCet. 1 aEko Ivano Winata aNovel Indonesia a20230929081754 aBandungbMizan Media Utamac2018 aIndonesia a808.83 a320 halaman :bilustrasi ;c21 cm aHarusnya semua jadi indah ketika pacar elo balik lagi ke Indonesia setelah LDR-an penuh Skype selama tiga bulan. atext